00464nam a2200169Ia 450000500170000000800410001702000090005804000190006704100120008608200150009810000270011324500600014026000490020030000130024965000220026285000100028420230919105214.0131103s9999 xx 000 0 und d cRs.5 aLoreto College aEnglish a253.5bPEA aPeale, Norman Vincent  4aThe Power of positive thinkingcby Norman Vincent Peale aDelhibThe Universal Book & Stationeryc1968 avii302p. aPastoral theology aLCLIB